Normal view
MARC view
Entry Personal Name
001 - CONTROL NUMBER
- control field: 26527
003 - CONTROL NUMBER IDENTIFIER
- control field:
005 - DATE AND TIME OF LATEST TRANSACTION
- control field: 20260615074614.0
008 - FIXED-LENGTH DATA ELEMENTS
- fixed length control field: 260615|| aca||aabn | a|a d
040 ## - CATALOGING SOURCE
- Original cataloging agency:
- Transcribing agency:
100 ## - HEADING--PERSONAL NAME
- Personal name: Lunenburg, Frederick C
670 ## - SOURCE DATA FOUND
- Source citation: Work cat.: ()13562: Lunenburg, Frederick C., Educational administration :, 2008.